Adriena Bartošová netušila, že raz bude ...

Bibliographic Details
Main Author: Derňár, Peter, 1975- (Author)
Format: Article
Language:Slovak
PhysicalDescription:Fotogr.
Subjects:

MARC

LEADER 00000nab a2200000 a 4500
001 vtls000743299
003 SK-MaSNL
005 20260304015432.0
008 180205c2000 xo 0 slo
015 |a SNBRB2001/01-02010 
035 |a CLN000095136 
040 |a SNKBUCL  |b slo  |c SNKBUCL  |e AACR2 
041 0 |a slo 
044 |a xo  |c SK 
080 |a 78.071.2:784.66  |2 UDC-MRF-SK2 
080 |a 784.66  |2 UDC-MRF-SK2 
100 1 |a Derňár, Peter,  |d 1975-  |4 aut  |9 224453 
245 1 0 |a Adriena Bartošová netušila, že raz bude ...  |c Peter Derňár 
300 |b Fotogr. 
600 1 7 |a Bartošová, Adriena,  |d 1960-  |2 snkbucl  |9 17823 
655 7 |a články z novín a časopisov  |2 snkbucl  |9 267496 
773 0 |t Národná obroda  |g Roč. 11, č. 299 (29.12.2000) 
773 0 |t [Príl.] Štýl  |g Roč. 4, s. nestr.[23] 
850 |a Slovenská národná knižnica v Martine 
852 |a SNK  |b KIS3GCP 
958 |a RBX 
999 |c 2591513  |d 2593443